| 000 | 00511nam a22001697a 4500 | ||
|---|---|---|---|
| 003 | SGT | ||
| 020 | _a033932455 | ||
| 082 | _a658.4012,RAM | ||
| 100 | _aRAMASWAMY,V S | ||
| 245 | _aSTRATEGIC PLANNING FORMULATION OF CORPORATE STRATEGY: TEXT & CASES | ||
| 250 | _a1ST | ||
| 260 |
_aNEW DELHI _bMACMILLAN _c1999 |
||
| 300 | _a462 | ||
| 650 | _aPLANNING AND POLICY MAKING (EXECUTIVE MANAGEMENT) | ||
| 653 | _aSTRATEGIC PLANNING IN INDIA, GROUNDWORK OF STRATEGIC PLANNING, STRATEGY FORMULATION | ||
| 942 |
_2ddc _cFCM |
||
| 999 |
_c9004 _d9004 |
||